000 02299ntm a2200301 4500
001 35865
003 BD-RjUL
005 20211209052407.0
008 1406 s2012 bg a|||| mb|| 00| 0 ben d
035 _a(BD-RjUL)35961
040 _aBD-RjUL
_bben
_cBD-RjUL
_dBD-RjUL
041 _aeng
082 _221
_a891.439092
_bISM 2012
100 _aইসলাম, মুহাম্মাদ শহীদুল.
_9109231
245 _aমির্যা আসাদুল্লাহ খান গালিবের উর্দু গযল ও পত্রসাহিত্য :
_bএকটি পর্যালোচনা /
_cমুহাম্মাদ শহীদুল ইসলাম ;
_6প্রিন্সিপ্যাল সুপারভাইজার : মো. শামিম খান ; কো-সুপারভাইজার : মো. কামাল উদ্দিন.
260 _aরাজশাহী :
_bভাষা বিভাগ, রাজশাহী বিশ্ববিদ্যালয়,
_c২০১২.
300 _axi, ২৬০ পাতা:
_bচিত্র ;
_c২৯ সেমি.
502 _aথিসিস (পিএইচ. ডি.)--ভাষা বিভাগ, রাজশাহী বিশ্ববিদ্যালয়, ২০১২.
504 _aগ্রন্থপঞ্জি: পাতা [২৪৬]-২৫৫
600 1 0 _aগালিব, মির্যা আসাদুল্লাহ খান,
_d১৭৯৭-১৮৬৯
_xজীবনী
_9244095
600 1 0 _aGhalib, Mirza Asadullah Khan,
_d1797-1869
_xBiography
_9244096
600 1 0 _aগালিব, মির্যা আসাদুল্লাহ খান,
_d১৭৯৭-১৮৬৯
_xব্যাখা ও সমালোচনা
_9244097
600 1 0 _aGhalib, Mirza Asadullah Khan,
_d1797-1869
_xInterpretation and Criticism
_9244098
650 _aউর্দু সাহিত্য
_vইতিহাস ওসমালোচনা
_9109266
650 _aUrdu Literature
_vHistory and Criticism
_9109248
700 _a খান, মো. শামিম, প্রিন্সিপ্যাল সুপারভাইজার ; উদ্দিন, মো. কামাল, কো-সুপারভাইজার.
_9109249
942 _2ddc
_cTHE
999 _c35865
_d35865